000 00692nam a2200241Ia 4500
003 OSt
005 20220926011846.0
006 a|||||r|||| 00| 0
007 ta
008 220923b |||||||| |||| 00| 0 eng d
037 _cGeneral Book
040 _aRTL
_cRTL
_beng
041 _2eng
_aeng
082 _aX:8F, K1
100 _aMoonitz Maurice
_9308351
245 0 _aBasic postulates of accounting
260 _aNew York
_bAmerican Institute of certified public accountants USA
_c1961
300 _a61p. Bib p58-61
_ccm.
490 _aAccounting research study. 1
650 _aBudgeting
942 _hX:8F, K1
_cGB
_2CC
999 _c621210
_d621210